Loading...
| History - Other | 0 | 12 | 0 | 3 | 120 | 77 | 113.75 | 0 | 3 | 9.90 | 39.40 |
| History - American | 0 | 11 | 1 | 1 | 105 | 46 | 99.36 | 1 | 3 | 17.39 | 37.34 |
| History - World | 0 | 10 | 3 | 1 | 85 | 89 | 115.20 | 1 | 2 | 9.78 | 33.82 |
| History - European | 0 | 8 | 0 | 2 | 80 | 36 | 93.25 | 1 | 3 | 13.87 | 30.52 |
| Science - Chemistry | 0 | 8 | 3 | 0 | 65 | 69 | 102.63 | 0 | 0 | 9.93 | 34.32 |
| Literature - World | 0 | 8 | 3 | 0 | 65 | 90 | 119.13 | 0 | 1 | 8.48 | 25.99 |
| Literature - European | 0 | 7 | 3 | 1 | 55 | 101 | 123.71 | 0 | 1 | 7.61 | 23.37 |
| Religion | 0 | 6 | 1 | 3 | 55 | 94 | 124.83 | 0 | 1 | 3.35 | 16.11 |
| Literature - American | 0 | 6 | 2 | 0 | 50 | 139 | 144.33 | 0 | 0 | 1.24 | 8.53 |
| Science - Biology | 0 | 5 | 1 | 0 | 45 | 67 | 73.00 | 1 | 4 | 12.59 | 25.32 |
| Fine Arts - Painting & Sculpture | 0 | 4 | 1 | 0 | 35 | 100 | 111.75 | 0 | 0 | 4.31 | 15.20 |
| Science - Other | 0 | 4 | 1 | 0 | 35 | 70 | 100.75 | 0 | 0 | 5.52 | 11.67 |
| Mythology | 0 | 3 | 0 | 0 | 30 | 76 | 109.33 | 0 | 1 | 8.59 | 22.92 |
| Literature - British | 0 | 4 | 2 | 2 | 30 | 126 | 136.75 | 0 | 0 | 1.59 | 5.19 |
| Philosophy | 0 | 3 | 1 | 1 | 25 | 121 | 131.33 | 0 | 0 | 0.69 | 4.17 |
| Social Science | 0 | 2 | 0 | 0 | 20 | 121 | 122.50 | 0 | 0 | 0.84 | 5.03 |
| Fine Arts - Classical Music | 0 | 2 | 0 | 0 | 20 | 77 | 91.00 | 0 | 1 | 4.29 | 7.46 |
| Geography | 0 | 2 | 0 | 0 | 20 | 55 | 69.50 | 0 | 1 | 12.18 | 17.71 |
| Science - Physics | 0 | 3 | 2 | 0 | 20 | 85 | 110.33 | 0 | 0 | 2.76 | 7.95 |
| Fine Arts - Other | 0 | 1 | 0 | 0 | 10 | 118 | 118.00 | 0 | 0 | 0.92 | 3.82 |
| Current Events | 0 | 1 | 0 | 1 | 10 | 131 | 131.00 | 0 | 0 | 0.00 | 0.46 |
| Other Academic | 0 | 1 | 0 | 0 | 10 | 130 | 130.00 | 0 | 0 | 0.46 | 5.21 |